[Event "28. Friedensfest-Open (AFRO-A)"]
[Site "Augsburg"]
[Date "2023.08.04"]
[Round "4.39"]
[White "Adlkofer, Josef"]
[Black "Pikal, Alexander, Dr."]
[Result "0-1"]
[WhiteElo "1400"]
[BlackElo "1952"]
[EventDate "2023.08.03"]
[Time "15:30:00"]
[WhiteTeam "TSV Steppach, Abt. Schach"]
[BlackTeam "SC Ansbach 1855 e.V."]

1.f4 Nh6 2.Nf3 d5 3.e3 g6 4.Be2 Bg7 5.O-O O-O 6.d4 Nf5 7.Qe1 c5 8.c3 Qb6 
9.Bd3 Nc6 10.Nbd2 f6 11.Nb3 c4 12.Bxf5 Bxf5 13.Nc5 e5 14.Nh4 Bc8 15.b4 
cxb3 16.axb3 Re8 17.b4 exd4 18.Kh1 dxc3 19.Na4 Qxb4 20.Nxc3 d4 21.Nd5 Qd6 
22.e4 f5 23.Ba3 Qd8 24.Nb4 fxe4 25.Rc1 Nxb4 26.Bxb4 Bf6 27.g3 a5 28.Ba3 b5
29.Rc5 Bh3 30.Rg1 Be7 31.Rc6 Qd5 32.Nxg6 e3+ 0-1

[Event "28. Friedensfest-Open (AFRO-A)"]
[Site "Augsburg"]
[Date "2023.08.03"]
[Round "2.41"]
[White "Adlkofer, Josef"]
[Black "Rempel, Alexander sen."]
[Result "1/2-1/2"]
[WhiteElo "1400"]
[BlackElo "1683"]
[EventDate "2023.08.03"]
[Time "15:30:00"]
[WhiteTeam "TSV Steppach, Abt. Schach"]
[BlackTeam "Schachfreunde Augsburg"]

1.f4 c5 2.Nf3 Nc6 3.e3 e6 4.Be2 d6 5.O-O Nf6 6.d3 g6 7.c3 Bg7 8.Nbd2 Nd5 
9.Ne4 b6 10.Ng3 Nde7 11.d4 cxd4 12.exd4 O-O 13.Qc2 Bb7 14.Bd2 Rc8 15.Qd1 
Qc7 16.Ng5 Nf5 17.N5e4 Nce7 18.Qe1 Bxe4 19.Nxe4 Nd5 20.Bf3 Rfe8 21.Ng3 
Nde7 22.Qf2 b5 23.Nxf5 Nxf5 24.g4 Ne7 25.Rae1 Qb6 26.Kh1 a5 27.a3 b4 28.
axb4 axb4 29.Rb1 d5 30.Qg2 bxc3 31.bxc3 Qd6 32.Be2 Rb8 33.Bd3 Rxb1 34.Bxb1
Rb8 35.Bd3 Rb2 36.Rb1 Qb6 37.Rxb2 Qxb2 38.Be1 Qxg2+ 39.Kxg2 Nc6 40.Kf3 Na5
41.f5 Kf8 42.fxe6 fxe6 43.g5 Ke7 44.h4 Nb7 45.Kg4 Nd6 46.h5 Kf7 47.Bg3 Nf5
48.h6 Bf8 49.Be5 Ne3+ 50.Kf3 Nd1 51.c4 Nb2 52.Bc2 Nxc4 53.Bb8 Na5 54.Kf4 
Ba3 55.Ba7 Nc6 56.Bb6 Bc1+ 57.Kg4 Bb2 58.Kf4 Bxd4 59.Bxd4 Nxd4 60.Ke5 Nf3+
61.Kf4 Nd2 62.Ke5 Ne4 63.Bxe4 dxe4 64.Kxe4 Ke7 65.Ke5 Kd7 66.Kf6 e5 67.
Kxe5 Ke7 68.Kd5 Kd7 69.Ke5 Ke7 1/2-1/2

[Event "28. Friedensfest-Open (AFRO-A)"]
[Site "Augsburg"]
[Date "2023.08.05"]
[Round "6.25"]
[White "Trapp, Robert"]
[Black "Reschka, Hans"]
[Result "1/2-1/2"]
[WhiteElo "2089"]
[BlackElo "1805"]
[EventDate "2023.08.03"]
[Time "15:30:00"]
[WhiteTeam "SK Freising"]
[BlackTeam "SK Kriegshaber"]

1.f4 d5 2.Nf3 g6 3.e3 Bg7 4.d4 Nf6 5.Bd3 O-O 6.Nbd2 c6 7.O-O a5 8.c3 Na6 
9.Qe1 Nc7 10.e4 dxe4 11.Nxe4 Nxe4 12.Bxe4 Be6 13.Qh4 f6 14.Bd2 Qd7 15.Rae1
Rae8 16.a3 Nb5 17.Bc2 Nd6 18.h3 Nf5 19.Bxf5 Bxf5 20.Re3 Bc2 21.Rfe1 Bb3 
22.Bc1 Bd5 23.Qg3 Qd6 24.Nh4 b5 25.Qg4 Bf7 26.Rg3 Qd5 27.f5 h5 28.Qe2 g5 
29.Ng6 Qxf5 30.Nxf8 Kxf8 31.Rf3 Qd5 32.Qf2 Bg6 33.Qg3 Kg8 34.Rfe3 Qd7 35.
Qf3 Bf7 36.Qe4 e5 37.dxe5 Rxe5 38.Qf3 Rxe3 39.Bxe3 Qd5 40.Qf2 Bg6 41.Bd4 
f5 42.Bxg7 Kxg7 43.Qa7+ Bf7 44.Qe7 Kg6 45.h4 gxh4 46.Qxh4 Qc5+ 47.Kh1 Qd6 
48.Re3 Qd1+ 49.Kh2 Kg7 50.Rg3+ Kf8 51.Qf6 Qd5 52.Qh6+ Ke8 53.Re3+ Kd7 54.
Kg3 Qd1 55.Qf4 Qg4+ 56.Qxg4 hxg4 57.Kf4 Be6 58.Re5 Kd6 59.g3 a4 60.Rxf5 
Bxf5 61.Kxf5 Kc5 62.Kxg4 Kc4 63.Kf5 Kb3 64.g4 Kxb2 65.g5 Kxa3 66.g6 Kb2 
67.g7 a3 68.g8=Q a2 69.Qg2+ Kb1 70.Qxc6 a1=Q 71.Qxb5+ Kc2 72.Qe2+ Kb3 73.
Qb5+ Kc2 74.c4 Qf1+ 75.Ke4 Qd3+ 76.Ke5 Kc3 77.Qa5+ Kxc4 78.Qa6+ Kc3 79.
Qxd3+ Kxd3 1/2-1/2

[Event "28. Friedensfest-Open (AFRO-A)"]
[Site "Augsburg"]
[Date "2023.08.06"]
[Round "7.37"]
[White "Adlkofer, Josef"]
[Black "Stakor, Darko"]
[Result "0-1"]
[WhiteElo "1400"]
[BlackElo "1717"]
[EventDate "2023.08.03"]
[Time "09:30:00"]
[WhiteTeam "TSV Steppach, Abt. Schach"]
[BlackTeam "SK Kriegshaber"]

1.f4 d5 2.Nf3 g6 3.e3 Bg7 4.Be2 Nf6 5.O-O O-O 6.d4 Nbd7 7.c3 Ne4 8.Nbd2 
Ndf6 9.Nxe4 Nxe4 10.Bd3 Nd6 11.Qe1 c6 12.Ng5 f6 13.Nf3 Nf7 14.b3 e5 15.
fxe5 fxe5 16.dxe5 Nxe5 17.Nxe5 Bxe5 18.Bd2 Be6 19.Rxf8+ Qxf8 20.e4 d4 21.
Rc1 Qd6 22.g3 Rd8 23.Bc4 Bxc4 24.bxc4 dxc3 25.Bxc3 Bxc3 26.Qxc3 Qc5+ 27.
Kg2 Qd4 28.Qxd4 Rxd4 29.Kf3 Rd2 30.a3 Rd3+ 31.Kf4 Kf7 32.a4 Ra3 33.c5 Rb3 
34.Rc4 a5 35.e5 Rb4 36.Re4 Ke6 37.Ke3 Rb3+ 38.Kf4 Rc3 39.h4 Rxc5 40.g4 b5 
41.axb5 cxb5 42.h5 Rc4 43.hxg6 Rxe4+ 44.Kxe4 hxg6 45.Kf4 a4 46.Kg5 a3 47.
Kxg6 0-1

[Event "28. Friedensfest-Open (AFRO-A)"]
[Site "Augsburg"]
[Date "2023.08.05"]
[Round "5.12"]
[White "Zill, Christoph"]
[Black "Birth, Waldemar"]
[Result "1/2-1/2"]
[WhiteElo "2183"]
[BlackElo "1937"]
[EventDate "2023.08.03"]
[Time "09:30:00"]
[WhiteTeam "SK Freising"]
[BlackTeam "Schachklub Rochade Augsburg"]

1.f4 d5 2.Nf3 c5 3.e3 Nc6 4.Bb5 Bd7 5.b3 Nf6 6.Bb2 e6 7.Bxc6 Bxc6 8.d3 Be7
9.Nbd2 O-O 10.O-O b6 11.Qe1 Qc7 12.Qg3 Rad8 13.Be5 Qb7 14.Nh4 Ne8 15.Bb2 
Bf6 16.Bxf6 Nxf6 17.f5 Qb8 18.fxe6 fxe6 19.Qxb8 Rxb8 20.Nhf3 Nd7 21.d4 h6 
22.Rf2 Rf7 23.Raf1 Rbf8 24.Ne5 Nxe5 25.dxe5 Bb5 26.Rxf7 Rxf7 27.Rxf7 Kxf7 
28.Kf2 g5 29.g4 Kg6 30.c3 a5 31.a3 Kf7 32.Nf3 Bd3 33.b4 axb4 34.axb4 Ke7 
35.bxc5 bxc5 36.Kg3 Be4 37.Ng1 Kf7 38.h4 Kg6 39.Kh3 h5 40.hxg5 Kxg5 41.
gxh5 Kxh5 42.Kg3 Kg5 43.Ne2 Kf5 44.Nf4 Kxe5 45.Kf2 Bf5 46.Ke2 c4 47.Kd2 
Ke4 48.Nh5 Kf3 49.Nf6 Bg6 50.Nd7 Be8 51.Nc5 e5 52.Ne6 1/2-1/2

[Event "28. Friedensfest-Open (AFRO-A)"]
[Site "Augsburg"]
[Date "2023.08.04"]
[Round "4.31"]
[White "Trapp, Robert"]
[Black "Gehring, Bastian"]
[Result "1-0"]
[WhiteElo "2089"]
[BlackElo "1726"]
[EventDate "2023.08.03"]
[Time "15:30:00"]
[WhiteTeam "SK Freising"]
[BlackTeam "SC Sonthofen"]

1.f4 d5 2.Nf3 Nc6 3.e3 Bf5 4.Bb5 a6 5.Bxc6+ bxc6 6.b3 Nf6 7.Bb2 e6 8.Ne5 
c5 9.O-O d4 10.d3 dxe3 11.Qf3 Qd5 12.Qxe3 Ng4 13.Nxg4 Bxg4 14.h3 Bf5 15.g4
O-O-O 16.gxf5 Qxf5 17.Nd2 Rg8 18.Nc4 g5 19.fxg5 Rxg5+ 20.Kh1 Qd5+ 21.Qf3 
Rh5 22.Kh2 Bd6+ 23.Nxd6+ Qxd6+ 24.Qf4 Qxf4+ 25.Rxf4 f5 26.Rg1 Rd7 27.Bf6 
Rh6 28.Rg8+ Kb7 29.Bg5 Rg6 30.Rxg6 hxg6 31.Rh4 e5 32.Rh6 Rd6 33.Be7 Rc6 
34.Kg3 Kc8 35.h4 Kd7 36.Bg5 Ke8 37.h5 Kf7 38.Rxg6 Rxg6 39.hxg6+ Kxg6 40.
Be3 f4+ 41.Bxf4 exf4+ 42.Kxf4 Kf6 43.Ke4 Ke6 44.c3 Kd6 45.a4 a5 46.d4 c6 
47.dxc5+ Kxc5 48.Ke5 Kb6 49.Kd6 Kb7 50.Kc5 Kc7 51.b4 axb4 52.cxb4 1-0

[Event "28. Friedensfest-Open (AFRO-A)"]
[Site "Augsburg"]
[Date "2023.08.05"]
[Round "5.30"]
[White "Pikal, Alexander, Dr."]
[Black "Sensoy, Emir"]
[Result "1/2-1/2"]
[WhiteElo "1952"]
[BlackElo "1416"]
[EventDate "2023.08.03"]
[Time "09:30:00"]
[WhiteTeam "SC Ansbach 1855 e.V."]
[BlackTeam "MSA Zugzwang 82 e.V."]

1.f4 c5 2.Nf3 g6 3.g3 Bg7 4.d3 e6 5.e4 Ne7 6.e5 Nbc6 7.Nbd2 d5 8.a4 b6 9.
Bg2 Bb7 10.O-O Qc7 11.Re1 Rd8 12.c3 O-O 13.Qc2 Na5 14.b3 Rc8 15.Ba3 Rfd8 
16.Rac1 Qd7 17.Qb1 Nac6 18.b4 cxb4 19.cxb4 Nb8 20.b5 Bf8 21.Bxe7 Bxe7 22.
Qb2 Qe8 23.h4 Nd7 24.d4 Qf8 25.Nb1 a5 26.Bf1 Bb4 27.Red1 h6 28.Bd3 Kg7 29.
h5 Qe7 30.hxg6 fxg6 31.Qe2 Nf8 32.Nh4 Rxc1 33.Rxc1 Rc8 34.Rxc8 Bxc8 35.Qc2
Qe8 36.Qc7+ Bd7 37.Nf3 Qc8 38.Qc2 Qxc2 39.Bxc2 Be8 40.Kf2 Bf7 41.Ke3 Bg8 
42.Nbd2 Bh7 43.Nb3 g5 44.Bxh7 Nxh7 45.fxg5 hxg5 46.Nc5 Nf8 47.Nxg5 bxc5 
48.b6 cxd4+ 49.Kxd4 Nd7 50.Nxe6+ Kf7 51.Nf4 Nxb6 52.Nd3 Nxa4 53.Kxd5 Nb6+ 
54.Kc6 Nc4 55.Kb5 Na3+ 56.Ka4 Nc2 57.Nxb4 axb4 58.Kb3 1/2-1/2

[Event "28. Friedensfest-Open (AFRO-A)"]
[Site "Augsburg"]
[Date "2023.08.04"]
[Round "3.27"]
[White "Tsilighiris, Joerg"]
[Black "Lachmayer, Manfred"]
[Result "0-1"]
[WhiteElo "1780"]
[BlackElo "1920"]
[EventDate "2023.08.03"]
[Time "09:30:00"]
[WhiteTeam "SC Roter Turm Altstadt"]
[BlackTeam "TSV Langenau"]

1.Nf3 c6 2.d3 d6 3.g3 e5 4.Bg2 Be7 5.e4 Nf6 6.Nbd2 O-O 7.O-O h6 8.c3 Qc7 
9.Re1 b5 10.Qc2 Be6 11.h3 Nh7 12.d4 Nd7 13.Nf1 f5 14.dxe5 fxe4 15.Nd4 Bd5 
16.Ne3 Qb7 17.exd6 Bxd6 18.Bxe4 Nhf6 19.Nxd5 cxd5 20.Bf5 Nc5 21.Ne6 Nxe6 
22.Bxe6+ Kh8 23.Qd3 Bc5 24.b4 Bb6 25.Be3 Bxe3 26.Rxe3 Rad8 27.Rd1 Qc6 28.
f3 Rd6 29.Bf5 Rfd8 30.Re7 d4 31.Rxa7 dxc3 32.Qxd6 Rxd6 0-1

[Event "28. Friedensfest-Open (AFRO-A)"]
[Site "Augsburg"]
[Date "2023.08.03"]
[Round "2.7"]
[White "Foerch, Benedikt"]
[Black "Vuckovic, Robert"]
[Result "0-1"]
[WhiteElo "2122"]
[BlackElo "1906"]
[EventDate "2023.08.03"]
[Time "15:30:00"]
[WhiteTeam "SK Neuburg"]
[BlackTeam "Schachfreunde Augsburg"]

1.Nf3 e6 2.c4 d5 3.g3 dxc4 4.Qa4+ Bd7 5.Qxc4 Nc6 6.d4 Rc8 7.Bg2 Na5 8.Qd3 
c5 9.O-O c4 10.Qc2 Bc6 11.Bg5 f6 12.Bd2 b5 13.e4 b4 14.Re1 Kf7 15.d5 Bd7 
16.Nd4 e5 17.Ne6 Qb6 18.Nxf8 Kxf8 19.Be3 Qa6 20.Bf1 Ne7 21.f4 Kf7 22.Qf2 
exf4 23.gxf4 f5 24.Bg2 fxe4 25.Bxe4 Bf5 26.Bg2 Rhd8 27.Bc5 Nxd5 28.Re5 Qg6
29.Nd2 c3 30.bxc3 bxc3 31.Nb3 Nc4 32.Ree1 Bh3 33.Bxa7 Kg8 34.Qg3 Bxg2 35.
Kxg2 Nxf4+ 36.Kg1 Qf7 37.Be3 Nxe3 38.Rxe3 Rd3 39.Rae1 Rxe3 40.Rxe3 c2 41.
Nc1 Rd8 42.Qf3 Rd1+ 43.Kf2 Ne6 44.Nb3 c1=Q 45.Nxc1 Rxc1 46.Qxf7+ Kxf7 47.
Re2 Rc3 48.Ke1 Nd4 49.Rf2+ Ke6 50.Kd1 Rh3 51.Kc1 Nf3 52.a4 Kd5 53.a5 Kc6 
54.Rb2 Rxh2 55.Rb6+ Kc7 56.Re6 g5 57.a6 Kb8 0-1

[Event "28. Friedensfest-Open (AFRO-A)"]
[Site "Augsburg"]
[Date "2023.08.03"]
[Round "1.20"]
[White "Ganslmayer, Anton, Dr."]
[Black "Soergel, Thomas"]
[Result "0-1"]
[WhiteElo "1856"]
[BlackElo "2019"]
[EventDate "2023.08.03"]
[Time "09:30:00"]
[WhiteTeam "SV Jedesheim 1921"]
[BlackTeam "SK Graefelfing"]

1.Nf3 c5 2.c4 Nc6 3.Nc3 g6 4.g3 Bg7 5.Bg2 Nf6 6.O-O O-O 7.b3 d5 8.cxd5 
Nxd5 9.Bb2 Nxc3 10.Bxc3 e5 11.Qc1 Be6 12.d3 Rc8 13.Qb2 f6 14.Rfd1 Qd7 15.
Rac1 b6 16.a3 Nd4 17.Bxd4 cxd4 18.b4 Bh6 19.Nd2 Rxc1 20.Rxc1 Rc8 21.Rc2 
Bxd2 22.Rxd2 Qc7 23.f3 Qc1+ 24.Qxc1 Rxc1+ 25.Kf2 Rc3 26.f4 Kf7 27.Rd1 Rxa3
28.Rc1 Rc3 29.Ra1 Rc7 30.fxe5 fxe5 31.Ke1 Ke7 32.Kd2 Kd6 33.e3 Bb3 34.Be4 
Rc2+ 35.Ke1 Ra2 36.Rxa2 Bxa2 37.exd4 exd4 38.h4 Bd5 0-1

[Event "28. Friedensfest-Open (AFRO-A)"]
[Site "Augsburg"]
[Date "2023.08.03"]
[Round "1.4"]
[White "Sieber, Heiko"]
[Black "Niedermeier, Thomas"]
[Result "0-1"]
[WhiteElo "1982"]
[BlackElo "2226"]
[EventDate "2023.08.03"]
[Time "09:30:00"]
[WhiteTeam "PTSV SK Hof 1892"]
[BlackTeam "SV Ilmmünster"]

1.Nf3 c5 2.c4 Nc6 3.b3 e5 4.Bb2 d6 5.Nc3 g6 6.e4 Bg7 7.Nd5 Nge7 8.Be2 O-O 
9.d3 h6 10.Bc3 Nxd5 11.cxd5 Nd4 12.Nxd4 exd4 13.Bd2 f5 14.f3 fxe4 15.dxe4 
Be5 16.Bd3 Qh4+ 17.Ke2 Bf4 18.Bxf4 Rxf4 19.g3 Qh3 20.Qf1 Rxf3 21.Kxf3 Bg4+
22.Kf2 Rf8+ 23.Kg1 Rxf1+ 24.Rxf1 Qh5 25.h4 Bf3 26.Rh3 Qg4 27.Kh2 b5 28.Rf2
c4 29.bxc4 bxc4 30.Bxc4 Qxe4 31.g4 Bxg4 32.Rg3 h5 33.Bd3 Qe1 34.Kg2 Kg7 
35.Bc4 Qe4+ 36.Kg1 Qe7 37.Rb3 Qxh4 38.Rb7+ Kh6 39.Rb3 Bf5 40.Rbf3 Be4 41.
Bd3 Qg4+ 0-1

[Event "28. Friedensfest-Open (AFRO-A)"]
[Site "Augsburg"]
[Date "2023.08.04"]
[Round "4.25"]
[White "Birth, Waldemar"]
[Black "Komarov, Jan"]
[Result "1-0"]
[WhiteElo "1937"]
[BlackElo "1793"]
[EventDate "2023.08.03"]
[Time "15:30:00"]
[WhiteTeam "Schachklub Rochade Augsburg"]
[BlackTeam "Schachklub Muenchen Suedost e.V."]

1.Nf3 c5 2.c4 Nf6 3.g3 d5 4.cxd5 Nxd5 5.Bg2 Nc6 6.O-O e5 7.d3 Be7 8.Bd2 
O-O 9.Qb3 Nc7 10.Bc3 Nd4 11.Qd1 f6 12.b3 Rb8 13.Bb2 b6 14.Nbd2 Re8 15.Rc1 
Bf8 16.e3 Nxf3+ 17.Nxf3 Ba6 18.Ne1 Qd7 19.Bf3 Rbd8 20.Be2 Qb5 21.Rc2 Qd7 
22.Rd2 Ne6 23.Nf3 Qc8 24.Qc2 Qa8 25.Rfd1 Bb7 26.Ne1 Ng5 27.h4 Nf3+ 28.Nxf3
Bxf3 29.e4 Bxe2 30.Rxe2 Qc8 31.Kg2 Qe6 32.h5 h6 33.f3 Qf7 34.g4 Rd7 35.
Red2 Red8 36.Kf2 Qe6 37.Ke2 Kf7 38.Qc4 Ke7 39.Qb5 Kf7 40.Rc2 a6 41.Qxa6 
Be7 42.Bc1 Kf8 43.Be3 Qc6 44.a4 Qa8 45.Qb5 Kg8 46.Qxb6 Kh7 47.Bxc5 Rb7 48.
Qe6 Bxc5 49.Rxc5 Rdb8 50.Rdc1 Rxb3 51.Qf5+ Kh8 52.Rc8+ Rxc8 53.Rxc8+ 1-0

[Event "28. Friedensfest-Open (AFRO-A)"]
[Site "Augsburg"]
[Date "2023.08.03"]
[Round "1.1"]
[White "Hoefelsauer, Thomas"]
[Black "Kandel, Harald"]
[Result "1-0"]
[WhiteElo "2367"]
[BlackElo "1997"]
[EventDate "2023.08.03"]
[Time "09:30:00"]
[WhiteTeam "Schachklub München Südost e.V."]
[BlackTeam "TSG Ehingen 1848 e.V."]

1.Nf3 d5 2.c4 c6 3.e3 Nf6 4.Nc3 Nbd7 5.b3 e6 6.Be2 Bd6 7.O-O O-O 8.Bb2 Re8
9.Qc2 Nf8 10.d4 Ng6 11.Rad1 Qc7 12.h3 Bd7 13.e4 dxe4 14.Nxe4 Nxe4 15.Qxe4 
c5 16.dxc5 Bxc5 17.Ne5 Nxe5 18.Bxe5 Qc6 19.Qg4 Bf8 20.Rd3 g6 21.Rfd1 Rad8 
22.Bf6 Be7 23.Qh4 Bxf6 24.Qxf6 Qc7 25.h4 e5 26.Bg4 1-0

[Event "28. Friedensfest-Open (AFRO-A)"]
[Site "Augsburg"]
[Date "2023.08.06"]
[Round "7.28"]
[White "Haller, Quentin"]
[Black "Brand, Leonhard"]
[Result "1-0"]
[WhiteElo "2042"]
[BlackElo "1781"]
[EventDate "2023.08.03"]
[Time "09:30:00"]
[WhiteTeam "?"]
[BlackTeam "SK Freising"]

1.Nf3 d5 2.c4 c6 3.cxd5 cxd5 4.d4 Nf6 5.Nc3 Nc6 6.Bf4 a6 7.e3 Bf5 8.Be2 e6
9.Qb3 Be7 10.Qxb7 Nb4 11.O-O O-O 12.Bc7 Qc8 13.Qxc8 Rfxc8 14.Bg3 Ne4 15.
Nxe4 Bxe4 16.a3 Nd3 17.Bxd3 Bxd3 18.Rfc1 f6 19.Nd2 a5 20.Nb3 a4 21.Rxc8+ 
Rxc8 22.Rc1 Rxc1+ 23.Nxc1 Bc4 24.f3 Bd8 25.Be1 e5 26.Bc3 exd4 27.Bxd4 Kf7 
28.Kf2 Ba5 29.Ne2 g5 30.Ng3 Ke6 31.Nh5 Bd8 32.Ng7+ Kf7 33.Nf5 Bc7 34.Bc3 
h5 35.g3 Bd3 36.Nd4 Bb6 37.Ne2 Ke6 38.Bd4 Ba5 39.h4 Bc4 40.Bc5 Bc7 41.Nc3 
Bb3 42.f4 gxh4 43.gxh4 Kf5 44.Nb5 Bd8 45.Nd4+ Ke4 46.Nxb3 axb3 47.a4 f5 
48.Ke2 Bxh4 49.a5 d4 50.a6 d3+ 51.Kd1 1-0

[Event "28. Friedensfest-Open (AFRO-A)"]
[Site "Augsburg"]
[Date "2023.08.05"]
[Round "5.28"]
[White "Ganslmayer, Anton, Dr."]
[Black "Rempel, Alexander jun."]
[Result "0-1"]
[WhiteElo "1856"]
[BlackElo "1484"]
[EventDate "2023.08.03"]
[Time "09:30:00"]
[WhiteTeam "SV Jedesheim 1921"]
[BlackTeam "Schachfreunde Augsburg"]

1.Nf3 d5 2.d4 Bf5 3.c3 Nf6 4.Qb3 b6 5.Bf4 e6 6.h3 Bd6 7.Ne5 Nbd7 8.e3 Bxe5
9.dxe5 Ne4 10.Qa3 Nec5 11.c4 O-O 12.b4 Ne4 13.f3 Qh4+ 14.Ke2 Ng3+ 15.Bxg3 
Qxg3 16.cxd5 Qxe5 17.Qc3 exd5 18.f4 d4 19.Qxd4 Qxd4 20.exd4 Rfe8+ 21.Kf3 
Re1 0-1

[Event "28. Friedensfest-Open (AFRO-A)"]
[Site "Augsburg"]
[Date "2023.08.05"]
[Round "5.33"]
[White "Wang, Simon"]
[Black "Kelemen, Alexander"]
[Result "1/2-1/2"]
[WhiteElo "1517"]
[BlackElo "1822"]
[EventDate "2023.08.03"]
[Time "09:30:00"]
[WhiteTeam "SF Dachau 1932 e.V."]
[BlackTeam "SC Bad Salzdetfurth"]

1.Nf3 d5 2.d4 Nf6 3.c4 e6 4.g3 Bb4+ 5.Bd2 Be7 6.Bg2 O-O 7.O-O Nbd7 8.Qc2 
Ne4 9.Nc3 Nxc3 10.Qxc3 c6 11.Rfc1 Nf6 12.Qc2 Ne4 13.Be1 f5 14.b4 Bd7 15.a4
Rc8 16.Ne5 Bf6 17.e3 Nd6 18.Nxd7 Qxd7 19.c5 Ne4 20.f3 Ng5 21.h4 Nf7 22.Qb3
e5 23.Bc3 Rfe8 24.Re1 Kh8 25.Qb2 f4 26.Qf2 1/2-1/2

[Event "28. Friedensfest-Open (AFRO-A)"]
[Site "Augsburg"]
[Date "2023.08.03"]
[Round "1.6"]
[White "Knoll, Georg"]
[Black "Reis, Thomas"]
[Result "0-1"]
[WhiteElo "1958"]
[BlackElo "2196"]
[EventDate "2023.08.03"]
[Time "09:30:00"]
[WhiteTeam "VfL Leipheim 1898"]
[BlackTeam "SK Kriegshaber"]

1.Nf3 d5 2.d4 Nf6 3.e3 e6 4.c4 Be7 5.Bd2 O-O 6.Nc3 b6 7.Rc1 Bb7 8.cxd5 
exd5 9.Bd3 Nbd7 10.Qc2 a6 11.O-O Bd6 12.Bf5 Re8 13.Bh3 Ne4 14.g3 Ndf6 15.
Rfd1 c5 16.Be1 c4 17.Nxe4 Nxe4 18.Nd2 Nf6 19.b3 b5 20.Bg2 Qe7 21.Rb1 Rac8 
22.Nf1 c3 23.f3 h5 24.Bf2 b4 25.h3 a5 26.g4 hxg4 27.hxg4 Nh7 28.Re1 Ng5 
29.Qf5 g6 30.Qd3 Kg7 31.Bg3 Bxg3 32.Nxg3 Qd6 33.f4 Ba6 34.Qc2 Nh7 35.g5 
Re7 36.Kf2 f6 37.gxf6+ Nxf6 38.Qf5 Rf8 39.Qg5 Bc8 40.Rh1 Ng4+ 41.Kg1 Rxe3 
42.Nh5+ Kf7 43.Bxd5+ Be6 44.f5 Rg3+ 45.Bg2 Qxd4+ 46.Kf1 Qf2# 0-1

[Event "28. Friedensfest-Open (AFRO-A)"]
[Site "Augsburg"]
[Date "2023.08.05"]
[Round "5.36"]
[White "Sieber, Heiko"]
[Black "Wagner, Cosima Thien-An"]
[Result "1-0"]
[WhiteElo "1982"]
[BlackElo "1537"]
[EventDate "2023.08.03"]
[Time "09:30:00"]
[WhiteTeam "PTSV SK Hof 1892"]
[BlackTeam "TV Tegernsee"]

1.Nf3 g6 2.Nc3 Bg7 3.b3 c5 4.Bb2 Nc6 5.e3 e6 6.g3 d5 7.Bg2 Nf6 8.Ne2 O-O 
9.O-O b6 10.c4 Bb7 11.Ne5 Qd6 12.d4 cxd4 13.Nxc6 Bxc6 14.Nxd4 Bb7 15.Nb5 
Qd7 16.Qf3 Ne4 17.Bxg7 Kxg7 18.Rfd1 Nf6 19.e4 Rfd8 20.exd5 exd5 21.Rd4 Qc6
22.Rad1 Rd7 23.Qd3 a6 24.Nc3 Rc8 25.Nxd5 Nxd5 26.Bxd5 Qf6 27.Bxb7 Rxb7 28.
Rd6 Qe5 29.Qd4 Re8 30.Kf1 Qxd4 31.R1xd4 Ree7 32.Rc6 Rec7 33.Rdd6 Rxc6 34.
Rxc6 b5 35.c5 Ra7 36.Rb6 1-0

[Event "28. Friedensfest-Open (AFRO-A)"]
[Site "Augsburg"]
[Date "2023.08.03"]
[Round "1.36"]
[White "Tsilighiris, Joerg"]
[Black "Wagner, Cosima Thien-An"]
[Result "1-0"]
[WhiteElo "1780"]
[BlackElo "1537"]
[EventDate "2023.08.03"]
[Time "09:30:00"]
[WhiteTeam "SC Roter Turm Altstadt"]
[BlackTeam "TV Tegernsee"]

1.Nf3 g6 2.g3 Bg7 3.Bg2 Nf6 4.d3 O-O 5.O-O Nc6 6.c3 d6 7.Qc2 Bd7 8.h3 Re8 
9.Nbd2 Bc8 10.e4 Nd7 11.Nc4 Nde5 12.Nfxe5 Nxe5 13.Ne3 c5 14.f4 Nc6 15.f5 
Rf8 16.Ng4 h5 17.Nh6+ Kh7 18.fxg6+ fxg6 19.Nf7 Qe8 20.Ng5+ Kh8 21.Be3 Bf6 
22.Qd2 Bd7 23.d4 cxd4 24.cxd4 a6 25.Nf3 Rc8 26.Rf2 Rg8 27.e5 dxe5 28.dxe5 
Nxe5 29.Nxe5 Bxe5 30.Bd4 Bxd4 31.Qh6# 1-0

[Event "28. Friedensfest-Open (AFRO-A)"]
[Site "Augsburg"]
[Date "2023.08.06"]
[Round "7.27"]
[White "Seisenberger, Georg"]
[Black "Holzmayr, Norbert"]
[Result "1-0"]
[WhiteElo "2057"]
[BlackElo "1820"]
[EventDate "2023.08.03"]
[Time "09:30:00"]
[WhiteTeam "SV Ilmmuenster"]
[BlackTeam "SV Ilmmuenster"]

1.Nf3 g6 2.g3 d5 3.Bg2 Bg7 4.O-O e5 5.d3 Ne7 6.c4 O-O 7.cxd5 Nxd5 8.Nc3 
Nxc3 9.bxc3 e4 10.dxe4 Qxd1 11.Rxd1 Bxc3 12.Rb1 c5 13.Bh6 Bg7 14.Bxg7 Kxg7
15.Nd2 Na6 16.e5 Rb8 17.Ne4 b5 18.Nd6 Rd8 19.Bd5 Nb4 20.Bxf7 Rxd6 21.exd6 
Bf5 22.Rbc1 Kxf7 23.Rxc5 Ke8 24.Rc7 Nxa2 25.Rxh7 Rd8 26.e4 Bg4 27.f3 Nc3 
28.Rd3 Ne2+ 29.Kf2 Nc1 30.Rd1 Bxf3 31.Kxf3 Nb3 32.Rh8+ Kd7 33.Rxd8+ Kxd8 
34.d7 a5 35.e5 Nc5 36.Rd5 Ne6 37.Ke3 Nc7 38.Rd6 a4 39.e6 Nxe6 40.Rxe6 Kxd7
41.Rb6 1-0

[Event "28. Friedensfest-Open (AFRO-A)"]
[Site "Augsburg"]
[Date "2023.08.05"]
[Round "5.2"]
[White "Bilchinski, Anton"]
[Black "Reimann, Sebastian"]
[Result "0-1"]
[WhiteElo "2245"]
[BlackElo "2265"]
[EventDate "2023.08.03"]
[Time "09:30:00"]
[WhiteTeam "SC Eppingen"]
[BlackTeam "SK Kriegshaber"]

1.Nf3 Nf6 2.c4 e6 3.g3 d5 4.Bg2 dxc4 5.Qa4+ Nbd7 6.Qxc4 a6 7.Qc2 b5 8.Nd4 
Nd5 9.Nc6 Qf6 10.e4 Nb4 11.Nxb4 Bxb4 12.Qxc7 Qd4 13.O-O O-O 14.d3 Qxd3 15.
e5 Rb8 16.Be3 Qc4 17.Qxc4 bxc4 18.f4 Nb6 19.a3 Be7 20.Nd2 Rd8 21.Rad1 c3 
22.bxc3 Nd5 23.Bd4 Bd7 24.Ne4 Bb5 25.Rfe1 Bxa3 26.Nd6 Bxd6 27.exd6 Rbc8 
28.Bxd5 exd5 29.f5 Rxd6 30.Re7 Rd7 31.Rde1 Rxe7 32.Rxe7 Ra8 33.f6 a5 34.
Ra7 Rxa7 35.Bxa7 g5 36.Kf2 h6 37.Ke3 Kh7 38.Kd4 Bc4 39.Ke5 Kg6 40.g4 a4 
41.Bc5 Be2 42.Be7 Bf3 43.Kd4 Bxg4 44.Kxd5 Kf5 45.Kc4 Ke4 46.Kb5 Bd7+ 0-1

[Event "28. Friedensfest-Open (AFRO-A)"]
[Site "Augsburg"]
[Date "2023.08.06"]
[Round "7.29"]
[White "Sieber, Heiko"]
[Black "Steinberger, Michael"]
[Result "1-0"]
[WhiteElo "1982"]
[BlackElo "1561"]
[EventDate "2023.08.03"]
[Time "09:30:00"]
[WhiteTeam "PTSV SK Hof 1892"]
[BlackTeam "Schachfreunde Augsburg"]

1.Nf3 Nf6 2.g3 e6 3.Bg2 d5 4.O-O c5 5.b3 Nc6 6.Bb2 Bd6 7.d4 O-O 8.Nbd2 b5 
9.a4 b4 10.c4 bxc3 11.Bxc3 a5 12.dxc5 Bxc5 13.Bxf6 gxf6 14.Rc1 Ba3 15.Rxc6
Qd7 16.Qc2 Bd6 17.e4 Bb7 18.Rc3 Rac8 19.exd5 Bxd5 20.Rc1 1-0

[Event "28. Friedensfest-Open (AFRO-A)"]
[Site "Augsburg"]
[Date "2023.08.05"]
[Round "5.29"]
[White "Nagy, Peter"]
[Black "Heron, Andrew"]
[Result "1-0"]
[WhiteElo "1585"]
[BlackElo "1852"]
[EventDate "2023.08.03"]
[Time "09:30:00"]
[WhiteTeam "Rosenheimer-Schachverein in der"]
[BlackTeam "SC Triesen"]

1.Nf3 Nf6 2.g3 g6 3.Bg2 Bg7 4.O-O c6 5.d3 d5 6.Nbd2 O-O 7.e4 e6 8.c3 Qc7 
9.e5 Nfd7 10.d4 c5 11.Re1 Nc6 12.Nf1 b5 13.g4 b4 14.Ng3 bxc3 15.bxc3 Qa5 
16.Bd2 Nb6 17.Qc1 Nc4 18.Bh6 cxd4 19.Nh5 Qxc3 20.Qg5 f6 21.exf6 Bxh6 22.
Qxh6 Rf7 23.Ng7 d3 24.Ng5 Qxf6 25.Qxh7+ Kf8 26.N7xe6+ Bxe6 27.Nxe6+ Ke8 
28.Ng5+ 1-0

[Event "28. Friedensfest-Open (AFRO-A)"]
[Site "Augsburg"]
[Date "2023.08.05"]
[Round "6.29"]
[White "Tsilighiris, Joerg"]
[Black "Krien, Hartmut"]
[Result "0-1"]
[WhiteElo "1780"]
[BlackElo "1948"]
[EventDate "2023.08.03"]
[Time "15:30:00"]
[WhiteTeam "SC Roter Turm Altstadt"]
[BlackTeam "Schachklub Heidenau"]

1.Nf3 Nf6 2.g3 g6 3.Bg2 Bg7 4.d3 c6 5.Nbd2 d5 6.c3 O-O 7.O-O b6 8.Re1 Bb7 
9.Qc2 e6 10.b3 Na6 11.Nf1 Nd7 12.Bb2 Rc8 13.N3d2 Nc7 14.Rad1 Nb5 15.a4 Nd6
16.e4 c5 17.f4 c4 18.bxc4 dxc4 19.Ba3 cxd3 20.Qxd3 Nc5 21.Qc2 Qc7 22.Nb3 
Nxb3 23.Qxb3 Rfd8 24.Re3 Qc4 25.Nd2 Qxb3 26.Nxb3 Nc4 27.Rxd8+ Rxd8 0-1

[Event "28. Friedensfest-Open (AFRO-A)"]
[Site "Augsburg"]
[Date "2023.08.04"]
[Round "4.14"]
[White "Foerch, Benedikt"]
[Black "Berlizov, Stanislaw"]
[Result "1/2-1/2"]
[WhiteElo "2122"]
[BlackElo "1764"]
[EventDate "2023.08.03"]
[Time "15:30:00"]
[WhiteTeam "SK Neuburg"]
[BlackTeam "SC 1947 Beilngries"]

1.Nf3 Nf6 2.g3 g6 3.Bg2 Bg7 4.O-O O-O 5.c4 c5 6.Nc3 Nc6 7.d4 cxd4 8.Nxd4 
Nxd4 9.Qxd4 d6 10.b3 a6 11.Bb2 Rb8 12.Rfd1 b5 13.Qd3 Qb6 14.h3 Bb7 15.Bxb7
Qxb7 16.Nd5 bxc4 17.Qxc4 Nxd5 18.Bxg7 Ne3 19.fxe3 Kxg7 20.Rac1 Qd7 21.Kh2 
Rb5 22.Rd3 Rf5 23.Kg2 Qb7+ 24.Qc6 Qb4 25.Qc3+ Qxc3 26.Rcxc3 Rb8 27.Rd4 h5 
28.Ra4 a5 29.Re4 Rb7 30.Rf4 Rfb5 31.Ra4 Kf6 32.Kf3 1/2-1/2